000 00861nas a2200277 4500
001 BR8006455
003 BR-BrBNA
005 20231205084423.0
007 ta
008 230509b bl.|||p| |||| 00| 00por d
040 _aBR-BrBNA
_bpor
_cBiblioteca Nacional de Agricultura
041 _a(Pt)
072 _aF00; F60
100 1 _aMarcos Filho, J.
100 1 _aVinha, J.L.
245 1 _aTeor de umidade da semente, condicoes de armazenamento e comportamento da soja (Glycine max (L.)Merrill)no teste de envelhecimento rapido
650 _aSOJA
650 _aSEMENTE
650 _aPODER GERMINATIVO
650 _aARMAZENAMENTO
650 _aTEOR DE UMIDADE
650 _aENVELHECIMENTO
773 0 _tSolo (Brazil)
_xISSN 0584-0821
_g(Jan-Jun 1980), v. 72(1) p. 21-26
_wBR8006455
909 _a202311
_bLúcia
_c55
_dLúcia Elande
942 _2AGRIS
_n0
_cANA
999 _c105111
_d105111